[Event "Dos Hermanas 10th"]
[Site "Dos Hermanas"]
[Date "1999.04.09"]
[Round "3"]
[White "Kramnik, Vladimir"]
[Black "Anand, Viswanathan"]
[Result "1-0"]
[WhiteElo "2751"]
[BlackElo "2781"]
[Annotator "Huzman,A"]
[PlyCount "139"]
[EventDate "1999.04.06"]
[EventType "tourn"]
[EventRounds "9"]
[EventCountry "ESP"]
[EventCategory "19"]
[SourceTitle "CBM 071"]
[Source "ChessBase"]
[SourceDate "1999.08.01"]
[SourceVersion "1"]
[SourceVersionDate "1999.08.01"]
[SourceQuality "1"]

1. d4 {Hecht,Hj. Ftacnik} d5 2. c4 dxc4 3. Nf3 e6 4. e3 Nf6 5. Bxc4 c5 6. O-O
a6 7. Bb3 cxd4 8. exd4 Nc6 9. Nc3 Be7 10. Re1 O-O 11. a3 Na5 12. Bc2 b5 13. d5
{'!?' Ftacnik. Ftacnik: 'White is often dreaming about the breakthrough in the
center, this idea became quite popular of late.'} (13. Qd3 {Ftacnik} Bb7 14.
Bg5 g6 15. Rad1 Rc8 16. Ne5 Nc4 17. Nxc4 bxc4 (17... Rxc4 18. Bb3 Rc8 19. Qh3 (
19. d5 Bxd5 20. Qh3 Rc7 $11) 19... Rc7 20. Qh4 Nd5 21. Ne4 $14) 18. Qh3 Nd5 19.
Bh6 Re8 20. Ne4 Nf6 (20... Qb6 $15 21. Bc1 f5 22. Nc3 Bf6 23. Nxd5 exd5 24. Qg3
Bxd4 (24... Bg7 25. h4 Rxe1+ 26. Rxe1 Bxd4 27. Bxf5 $15) 25. Bxf5 $11 {1/2-1/2
Sokolov,I-Hansen,C/Malmo/1998/ (29)}) 21. Ng5 Qb6 22. Ba4 Red8 23. Nxe6 fxe6
24. Rxe6 Qc7 25. Rde1 Bf8 26. Rxf6 Bxh6 27. Qxh6 Rxd4 28. Rfe6 Qf7 29. Re7 {
1-0 Sosnicki,M-Hnydiuk,A/Ksiaz/1998/ (29)}) 13... Re8 14. Bg5 (14. Qd3 g6 (
14... h6 $5 15. dxe6 Bxe6 16. Nd4 Bb3 $1 $11) (14... exd5 15. Bg5 $16) 15. b4
Nc4 16. dxe6 Bxe6 17. Nd4 Bd5 $1 18. Bg5 Bb7 $11 19. Bb3 (19. a4 Nb2 20. Qd2
Nc4 $11) 19... Qd6 (19... Rc8 $5 $15) 20. Bxc4 bxc4 21. Qd2 Ng4 22. Bf4 Bg5 $1
23. Bxd6 Bxd2 24. Rxe8+ Rxe8 25. Nde2 Nf6 {1/2-1/2 Illescas Cordoba,M-Anand,V/
Dos Hermanas 1999/CBM 71 (25)}) 14... h6 (14... Nxd5 15. Bxe7 Rxe7 (15... Nxe7
16. Ng5 Qxd1 17. Bxh7+ Kf8 18. Raxd1 Nc4 $11) 16. Nxd5 exd5 (16... Rd7 17. Qe2
$1 Rxd5 (17... exd5 $4 18. Qe8+ Qxe8 19. Rxe8#) 18. Be4 $14) 17. Rxe7 Qxe7 18.
Qxd5 Bb7 19. Qd3 g6 20. Re1 Qc7 $11) (14... Nc4 $5) 15. Bh4 Nxd5 {'?!' Ftacnik.
Ftacnik: 'Defending this position is anything but easy, white probably enjoys
slightly better chances in all lines.'} (15... Nc4 16. Nd4 Nxd5 (16... Nxb2 17.
Qc1 Nc4 18. Nc6 Qd7 19. Nxe7+ Qxe7 20. Ne4 $40) 17. Qd3 g6 18. Nc6 Qd7 (18...
Qd6 19. Nxe7+ Nxe7 20. Qf3 $16 {[%cal Gc3e4,Ge4f6]}) 19. Nxe7+ Nxe7 20. Qxd7
Bxd7 21. Bxe7 Rxe7 22. Nd5 $16) (15... exd5 {Ftacnik} 16. Qd3 $5 (16. Rxe7 Rxe7
(16... Qxe7 17. Nxd5 Qd8 18. Bxf6 gxf6 19. Qd3 Kf8 20. Rd1 $13) 17. Bxf6 gxf6
18. Qd2 Kg7 (18... f5 19. Qxh6 Re6 20. Qh5 $13) 19. Qd3 f5 20. Nxd5 Re6 21.
Qc3+ Kg8 22. Rd1 Rd6 $15) 16... g5 17. Nxg5 hxg5 18. Bxg5 Nc4 19. Qg3 Nh5 20.
Bxe7+ Nxg3 21. Bxd8 $14) 16. Nxd5 exd5 (16... Bxh4 17. Qd3 $1 g6 (17... Kf8 18.
Nxh4 Bb7 19. Qh7 Qxd5 20. Rad1 Qc6 (20... Qc5 21. Rd7 $18) 21. Qh8+ Ke7 22.
Nf5+ Kf6 23. Qxg7#) (17... f5 18. Nxh4 Bb7 (18... Qxh4 19. Nc7 Rd8 20. Qc3 $18)
19. Nxf5 $1 Qxd5 (19... exf5 20. Ne7+ Rxe7 21. Qxd8+ Rxd8 22. Rxe7 $18) 20.
Nxh6+ $1 $18) 18. Nxh4 exd5 (18... Qxh4 19. Qc3 $1 $18) 19. Nxg6 $18) 17. Qd3
g6 18. Qe3 (18. Rxe7 Rxe7 19. Qc3 g5 $17) 18... Be6 (18... g5 19. Nxg5 (19. Qd3
f5 20. Bg3 $44 (20. Bg3 Nc4 21. Nd4 Nxb2 22. Qe2 Bd7 23. Qh5 $40)) (19. Bg3 {
Ftacnik} f5 20. Nd4 Nc4 21. Qe2 $16) 19... hxg5 20. Bxg5 Be6 (20... Nc6 21. Bh6
Bg4 22. Qd3 $1 f5 23. Qc3 $1 $18) 21. Bxe7 Qxe7 (21... Rxe7 22. Qh6 f6 23. Rxe6
Rxe6 24. Qh7+ Kf8 25. Bg6 $18) 22. Qh6 f6 23. Re3 $18) (18... Nc6 19. Bxe7 (19.
Qxh6 $5 Bf8 (19... Bxh4 20. Bxg6 $1 fxg6 21. Qxg6+ Kf8 22. Qxc6 Rxe1+ 23. Rxe1
Ra7 24. Qc5+ $18) 20. Qf4 $16) 19... Rxe7 20. Qxh6 $36) 19. Qxh6 {'!' Ftacnik.}
(19. Bxe7 $5 Qxe7 (19... Rxe7 {Ftacnik} 20. Qxh6 Qf8 21. Qh4 $14) 20. Qxh6 Qf8
21. Qf4 $16) 19... Bxh4 20. Bxg6 $1 Qf6 {Ftacnik: 'Within a few moves black
king was left without a great part of his shield. The attack is possible
partly due to the rear position of the knight a5.'} (20... fxg6 21. Qxg6+ Kf8
22. Qh6+ Kf7 (22... Kg8 $2 23. Rxe6 $18) 23. Qh7+ Kf6 (23... Kf8 24. Nxh4 $18)
24. Qxh4+ (24. Nxh4 {Ftacnik} Qd7 25. Qh6+ Kf7 26. Re3 $16) 24... Kg7 25. Qg3+
Kf8 26. Qf4+ Kg7 (26... Kg8 27. Rxe6 Rxe6 28. Qg4+ $18) 27. Re5 $1 $40) (20...
Bf6 {Ftacnik} 21. Rxe6 fxg6 22. Qxg6+ Bg7 23. Ng5 $18) 21. Bh7+ Kh8 22. Bg6+
Kg8 23. Qh7+ Kf8 24. Nxh4 Qg7 (24... Qxb2 $1 25. Nf5 (25. Bd3 Qf6 $132 {
[%cal Ya5c4]}) (25. Bf5 {Ftacnik} Qf6 26. Rad1 $36) 25... fxg6 26. Qxg6 (26.
Qh6+ Kf7 27. Nd6+ Ke7 28. Nxe8 Rxe8 29. Qxg6 {'!' Ftacnik.} (29. Rxe6+ $1 Kxe6
30. Re1+ Kf7 31. Qf4+ Kg7 32. Qc7+ $11) 29... Qf6 $15) 26... Bxf5 (26... Qh8
27. Rad1 {[%cal Gd1d3,Gd3f3]} Bxf5 28. Qxf5+ Kg8 29. Qxd5+ $16) 27. Qxf5+ Kg7
28. Qg5+ Kh7 $11) (24... Nc4 {Ftacnik} 25. b3 Nd6 26. Bd3 $16) 25. Qxg7+ (25.
Nf5 $5 Qxh7 26. Bxh7 Nc4 27. b3 $1 (27. b4 Bxf5 (27... a5 28. Nd4 $16) 28. Bxf5
Rxe1+ 29. Rxe1 Nxa3 30. Rd1 $14) 27... Bxf5 28. Rxe8+ Rxe8 29. Bxf5 Nxa3 30.
Bd3 b4 (30... Nc4 $5 31. bxc4 dxc4 32. Bf1 $16) 31. Bxa6 $16) 25... Kxg7 26.
Bd3 $16 Nc4 (26... d4 27. Rad1 Rad8 28. Nf3 $16) 27. b4 (27. b3 $1 Nd2 28. b4
$16 (28. b4 {Ftacnik} Kf6 29. f4 Rh8 30. g3 Rxh4 $1 31. gxh4 Nf3+ 32. Kf2 Nxe1
33. Rxe1 $11)) (27. Re2 $5 $16) 27... Nb2 (27... d4 $142) 28. Bf1 d4 29. Nf3
Rad8 30. Reb1 (30. Rab1 Nc4 31. Rbd1 Nxa3 32. Nxd4 Rxd4 33. Rxd4 Nc2 34. Rg4+
Kf8 35. Re2 Bxg4 36. Rxc2 $16) 30... Nc4 31. Rd1 (31. a4 {Ftacnik} d3 32. axb5
axb5 33. Rd1 Bf5 $11) 31... Bg4 32. Rd3 $1 (32. Rxd4 Bxf3 33. Rxd8 Rxd8 34.
gxf3 $16 Nd2 35. Bg2 (35. Kg2 Nxf1 36. Kxf1 Rd3 37. Ke2 Rb3 $132) 35... Rd3
$132 {[%cal Yd2c4]}) 32... Nb2 33. Rxd4 Bxf3 34. Rxd8 Rxd8 35. gxf3 {Ftacnik:
'White has great advantage in far reaching bishop and two spare pawns.
Unfortunatelly his a3-b4 pawns need protection and extra pawns are of poor
quality. Winning the game is not easy. '  Hecht,Hj: '[#] Mehrbauer, starker
Läufer sowie die angreifbare Schwäche a6 ergeben einen deutlichen Vorteil für
Weiß.'} Rc8 $1 {[%cal Yc8c3,Yc3a3,Yc3f3]} (35... Rd2 36. Rc1 $18) 36. Ra2 $1
Na4 (36... Rc2 37. a4 $1 (37. Kg2 {Hecht,Hj} Rd2 38. a4 bxa4 (38... Nc4 39.
Bxc4 $18) 39. Bxa6 a3 40. Rxa3 Nd1 41. Rb3 $18) 37... bxa4 38. Bxa6 $18) (36...
Nc4 {Ftacnik} 37. Rc2 $18) 37. Rd2 $18 {[%cal Gd2d6]} Rc6 38. f4 Nb6 {'?!'
Ftacnik.} (38... Nc3 {Ftacnik} 39. Rd3 Rg6+ 40. Rg3 Nb1 $16) 39. Kg2 Nc4 40.
Rd3 (40. Bxc4 $5 {Ftacnik} bxc4 41. Kf3 c3 42. Rc2 Kf6 43. Ke4 Rc4+ 44. Kd3
Rxf4 45. Kxc3 Rf3+ 46. Kb2 Rh3 47. Rc6+ $18) 40... Nb2 41. Rg3+ Kh8 {'?'
Ftacnik.} (41... Kf6 {Ftacnik} 42. h4 Kf5 43. Rg7 Kf6 44. Rg8 $18) 42. Be2 Rc2
43. Bh5 (43. Bf3 $142 {[%csl Ra6,Rb5][%cal Gf3b7]} Nd3 $140 44. Be4 $18) 43...
Rc7 44. f5 $6 {'?' Ftacnik.} (44. Kf3 $18 {[%cal Gf3d5]}) (44. Kf3 $1 {Ftacnik}
Kh7 45. Ke4 Kh6 46. Rh3 Kg7 47. Kd5 Nc4 48. Be2 $16) 44... Kh7 (44... f6 {
Ftacnik} 45. Be2 Nc4 46. Bxc4 Rxc4 47. Rg6 $18) 45. Be2 $6 (45. f6 Kh6 46. Bf3
Nd3 47. h4 $18) 45... Kh6 46. h4 Rc2 47. Bf3 Nc4 48. Bd5 (48. Bb7 $2 Nd6 $1 49.
Bxa6 $140 Rc6) 48... Nd6 (48... Ne5 {Ftacnik} 49. Bb7 $18) 49. Rd3 $1 (49. f6
Rd2 50. Bc6 Nf5 $132) 49... Kg7 (49... Nxf5 50. Bb7 (50. Bxf7 $5 Nxh4+ 51. Kf1
$18) 50... Nxh4+ 51. Kg1 $18 {Hecht,Hj: 'ähnlich wie in der Partie'}) 50. Bf3
$1 {Hecht,Hj: '[#] Endlich stehen die weißen Figuren optimal. Kramnik gibt
zwei relativ wertlose Bauern am Königsflügel auf und kassiert dafür den
wichtigen Ba6.'} (50. Bb3 Rc6 51. Rd5 Kf6 $132) 50... Nxf5 (50... Nc4 {Ftacnik}
51. Bb7 Ra2 52. Bxa6 Nxa3 53. Kg3 Nc2 54. Bxb5 Nxb4 55. Rd6 $16) 51. Bb7 Nxh4+
52. Kg1 Re2 (52... Rc1+ {Ftacnik} 53. Kh2 Rc2 54. Bxa6 Rxf2+ 55. Kg3 Rf6 56.
Bxb5 $18) 53. Bxa6 Re5 54. Rc3 {[%cal Gc3c5] Hecht,Hj: '[#] Gegen Tc5 gibt es
keine befriedigende Antwort. Die Folge ist ein Läufer/Springer-Duell, bei dem
der Läufer in Verbindung mit dem weit entfernten a-Freibauern klarer Sieger
bleibt.'} Nf5 55. Rc5 {'!' Ftacnik.} Rxc5 (55... Re1+ {Ftacnik} 56. Kg2 Nd4 57.
Bxb5 Ra1 58. a4 Nxb5 59. axb5 $18) 56. bxc5 Nd4 57. c6 {'!' Ftacnik.} Nxc6 58.
Bxb5 {Ftacnik: 'Finally Kramnik managed to transform the position into a good
example of bishop's abilities in endgames with light pieces.'} Na5 59. Kg2 Kf6
60. Kf3 Ke5 61. Ke3 Nb7 62. Bc4 f6 (62... f5 $2 63. f4+ Kd6 64. Kd4 $18 {
[%csl Rf5]}) 63. a4 Na5 64. Bf7 Nc6 (64... Nb7 65. f4+ Kd6 (65... Kf5 66. Bd5
Nc5 67. a5 $18) 66. Kd4 $18) 65. Kd3 Kd6 (65... Na5 66. Kc3 Ke4 67. Kb4 Nb7 68.
f3+ Kd4 69. a5 $18) 66. Ke4 Ne7 (66... Na5 67. Bd5 $1 $18) 67. a5 Kc5 68. a6
Nc8 (68... Kb6 69. Bc4 Ka7 70. Kf4 $18 {[%cal Gf4g4,Gg4h5,Gh5h6,Gh6g7,Gg7f6]})
69. Bh5 $1 {[%cal Gh5e2,Ge2a6]} Kd6 70. Bf3 (70. Bf3 Kc6 (70... Na7 71. Kd4 $1
Nb5+ 72. Kc4 Na7 73. Bb7 $1 $18) 71. Kf5+ Kb6 72. Bb7 $18) 1-0

[Event "Dos Hermanas 10th"]
[Site "Dos Hermanas"]
[Date "1999.04.17"]
[Round "9"]
[White "Kramnik, Vladimir"]
[Black "Topalov, Veselin"]
[Result "1/2-1/2"]
[WhiteElo "2751"]
[BlackElo "2700"]
[Annotator "Stohl,I"]
[PlyCount "97"]
[EventDate "1999.04.06"]
[EventType "tourn"]
[EventRounds "9"]
[EventCountry "ESP"]
[EventCategory "19"]
[SourceTitle "CBM 071"]
[Source "ChessBase"]
[SourceDate "1999.08.01"]
[SourceVersion "1"]
[SourceVersionDate "1999.08.01"]
[SourceQuality "1"]

1. Nf3 c5 2. c4 g6 3. d4 Bg7 4. e4 d6 (4... Qa5+ 5. Nc3 d6 6. d5 $5 Bxc3+ 7.
bxc3 Nf6 8. Qc2 Nxe4 9. Bd3 Nf6 10. O-O O-O 11. Bg5 Kg7 12. Rae1 Qd8 13. Re3
$146 Nbd7 14. Rfe1 Re8 15. h3 Ng8 16. Bh4 Ndf6 17. Ng5 Bd7 18. Rg3 Rf8 19. Nxh7
$1 Kxh7 20. Bxg6+ Kh8 21. Bd3 Nh5 22. Rg5 Ng7 23. Qd1 f6 24. Rh5+ {1-0,Pigusov,
E-Ivanov,A/St.Petersburg/1999/}) 5. Be2 {Kramnik, maybe surprised by his
opponent's opening choice, plays a relatively harmless move.} ({More ambitious
is} 5. Nc3 $142 Nc6 6. Be3 {-A42}) 5... Nc6 6. d5 $8 (6. Be3 $2 Bg4 $1 $36 {
[%csl Rd4] ><d4}) (6. dxc5 $6 dxc5 7. Qxd8+ Kxd8 $11 {/=/+}) 6... Nd4 7. Nxd4
cxd4 ({Also quite playable is} 7... Bxd4 $5 8. O-O Nf6 (8... e6 9. Nd2 exd5 10.
Nf3 Bg7 11. Qxd5 Nf6 12. Qd3 O-O 13. Bf4 Re8 14. Nd2 Nd7 15. Rab1 Bxb2 16. Rxb2
Qf6 17. Bxd6 Qxb2 18. Nf3 Qf6 19. Rd1 Qe6 20. Ng5 Qf6 21. Nf3 Qg7 22. h4 f6 23.
h5 Qf7 24. hxg6 hxg6 25. e5 Nxe5 26. Nxe5 fxe5 27. Bxc5 b6 $17 {Lau,
D-Chochulski,A/OLNW/1992/}) 9. Nd2 Nd7 10. Kh1 O-O 11. f4 b5 $5 12. cxb5 a6 13.
Rf3 axb5 14. Bxb5 Ba6 15. Bxa6 Rxa6 16. Rh3 Qc7 17. Nf3 Bg7 18. Qe1 Rfa8 19. a3
Qb7 20. Qh4 Nf6 21. e5 dxe5 22. fxe5 Ra4 23. Qf2 Ng4 24. Qxc5 Rc8 25. Qg1 Qxd5
$44 {|^, Kaiszauri,K-Svensson,G/SWE-ch/1977/}) 8. O-O (8. Na3 $5 Qa5+ (8... Qb6
9. Nc2 Nf6 10. Qxd4 Qxd4 11. Nxd4 Nxd5 12. Nb5 Nb4 13. Nc7+ Kd8 14. Nxa8 Nc2+
15. Kd1 Nxa1 16. Be3 b6 17. Kc1 Bb7 18. Nxb6 axb6 19. f3 Kc7 20. Kb1 Nb3 21.
axb3 f5 22. exf5 gxf5 23. Bd3 $14 {Jansson,B-Svensson,G/SWE-ch/1977/}) 9. Bd2
Qb6 10. Bd3 Nf6 11. O-O O-O 12. b4 a6 13. h3 Nd7 14. f4 Qd8 15. Nc2 e5 16. f5
b6 17. Qg4 a5 18. a3 Ra7 $13 19. Bg5 Bf6 20. Bh6 Bg7 21. Bg5 Bf6 22. Bh6 Bg7
23. Bg5 {1/2,Trifunovic,P-Forintos,G/EU-chT Hamburg/ 1965/}) 8... Qb6 (8... e6
$6 {Prematurely opening the position, when Black is still undeveloped.} 9. Na3
Ne7 10. Nb5 exd5 11. cxd5 f5 12. Nxd4 fxe4 13. Bb5+ Kf8 14. Ne6+ Bxe6 15. dxe6
Qb6 16. Bd7 h5 17. Be3 Qxb2 18. Qxd6 Be5 19. Qc5 b6 20. Qc4 Bf6 21. Rab1 Qa3
22. Bd4 Kg7 23. Bxf6+ Kxf6 24. Qd4+ Kg5 25. Rb3 Qxa2 26. Rg3+ Kh6 27. Qf6 {
1-0,Chernin,A-Shirazi,K/New York/1989/}) (8... e5 9. dxe6 $5 fxe6 10. Qa4+ Qd7
11. Qb3 Ne7 12. Na3 O-O 13. Bg5 h6 14. Bh4 g5 15. Bg3 Ng6 16. Nb5 Nf4 17. Bxf4
Rxf4 18. g3 Rf8 19. Rad1 a6 20. Nxd4 Kh8 21. Nc2 Qc7 22. Qb4 Be5 23. Ne3 Qc5
24. Qd2 Bd7 25. Ng4 Bc6 26. b4 Qa7 27. Nxe5 dxe5 28. Qd6 Rf6 29. Qxe5 {1-0,
Sofieva,A-Mukhim,G/Leningrad/1990/}) 9. Nd2 Nf6 {Black's N belongs on f6, on
e7 it's misplaced.} 10. Rb1 {[%cal Yb2b4] /\b4|^<<} a5 $1 11. b3 O-O 12. a3 $1
$146 {Certainly more logical, than} (12. Bb2 $143 $6 e5 13. Ba3 Bh6 $1 $36 14.
c5 dxc5 15. Nc4 Qc7 16. d6 Qc6 17. Nxe5 Qxd6 18. Nc4 Qc7 19. Bf3 Be6 20. e5 Nd7
21. Re1 Bg7 22. Rc1 Rab8 23. Bg4 Bxg4 24. Qxg4 b5 25. e6 Nf6 26. exf7+ Qxf7 {
0-1,Hartoch,R-Tal,M/Wijk aan Zee/1973/}) 12... e5 13. b4 (13. dxe6 fxe6 14. b4
axb4 15. axb4 e5 $15 {[%csl Gd4,Ge5] (),[+]}) 13... axb4 14. axb4 Bd7 15. Bd3 (
15. c5 $6 dxc5 16. bxc5 Qxc5 17. Rxb7 Ba4 18. Qe1 Bc2 $36) 15... Qc7 16. Nb3 b6
$11 {/=/+ Black has stabilized his central and << position (by preventing c5)
and now can turn his sights to active play on the >>. His position is more
pleasant, although one can't speak aboout some sizeable advantage.} 17. Bd2 Nh5
18. Rc1 (18. Qc2 $5 $11 {[%cal Rc4c5] /\c5}) 18... Ra3 $1 19. Ra1 (19. c5 dxc5
20. bxc5 Ba4 $17) 19... Rxa1 20. Nxa1 (20. Qxa1 f5 $5 $36) 20... Nf4 ({
Overoptimistic is} 20... f5 $2 21. exf5 Nf6 22. fxg6 e4 23. gxh7+ Kh8 24. Bc2
Qxc4 25. Bb3 $16) (20... b5 $6 21. cxb5 Qb6 22. Qe2 Rb8 23. Nb3 Bxb5 24. Bxb5
Qxb5 25. Qxb5 Rxb5 26. Ra1 $36 {[%csl Gb4] o^b}) 21. Bxf4 exf4 22. Nc2 Ba4 $5 (
22... Ra8 23. Qd2 Be5 24. Ra1 Rxa1+ 25. Nxa1 Qa7 26. Qb2 $132 {[%csl Rd4] /
\Nc2,><d4}) 23. Qd2 Bxc2 24. Qxc2 Ra8 25. Qb2 Qa7 26. Rd1 Be5 $15 {[%csl Rd3,
Ge5][%cal Ga8a1] ^-,<->a Black has a slight edge, but it's somewhat academical,
as he has no realistic chances of preparing an effective pawn break.} (26... f3
$5 27. gxf3 Qe7 28. Ra1 {<=>} Qg5+ 29. Kf1 $11) (26... Qa3 27. Qxa3 Rxa3 28.
Kf1 Rb3 29. b5 $11 {[%csl Rb6][%cal Yf1e2,Yd1a1,Ya1a6] /\Ke2,Ra1-a6}) 27. f3
Qa4 28. Rd2 Ra7 29. Rc2 h5 30. Kf1 Qe8 (30... g5 31. h3 $11) 31. c5 $5 $132 {
White doesn't want to sit and wait.} (31. Rc1 {[%cal Rc1a1] /\Ra1=} Qa8 $15)
31... bxc5 32. bxc5 dxc5 33. Rxc5 Qa8 34. Rc1 Ra2 35. Qb3 Kg7 (35... Rd2 36.
Rd1 $11) 36. Rd1 Qa5 37. Qb5 Qa3 38. d6 $5 {[%mdl 256] Again active defence by
White.} (38. Qe8 $2 Qb2 39. Qxe5+ Kh7 $19) (38. Kg1 $5 {/\} Rd2 39. Rxd2 Qc1+
40. Bf1 Qxd2 41. Qd3 $11) 38... Bxd6 (38... Qxd6 $142 39. Bc4 Ra7 $15 {/=
gives Black more chances.}) 39. e5 Bb4 40. e6 $1 $11 Ra1 (40... fxe6 $2 41.
Qe5+ Kf7 42. Bc4 $40 {suddenly turns the tables, Black's pieces have wandered
too far from his K.}) 41. Qe5+ f6 42. Qc7+ Be7 (42... Kh6 43. Qxf4+ Kh7 44.
Qc7+ $11) 43. Rxa1 Qxa1+ 44. Ke2 Qa2+ (44... Qa3 45. Qxf4 $11) 45. Kf1 Qxe6 46.
Qxf4 Bd6 (46... Qd5 47. Qe4 $11) 47. Qxd4 Bxh2 48. Qe4 Qf7 49. g4 (49. Bc4 $6
Qa7 $36) (49. g4 h4 50. f4 Bg3 51. Kg2 {/\Kh3=,><g6 and Black has no way of
improving his position, as Q exchanges lead to a dead draw.}) 1/2-1/2

[Event "Siemens Giants"]
[Site "Frankfurt"]
[Date "1999.06.29"]
[Round "2"]
[White "Kasparov, Garry"]
[Black "Kramnik, Vladimir"]
[Result "1/2-1/2"]
[WhiteElo "2812"]
[BlackElo "2751"]
[Annotator "Tsesarsky,I"]
[PlyCount "48"]
[EventDate "1999.06.29"]
[EventType "tourn (rapid)"]
[EventRounds "12"]
[EventCountry "GER"]
[EventCategory "21"]
[SourceTitle "CBM 072"]
[Source "ChessBase"]
[SourceDate "1999.10.01"]
[SourceVersion "1"]
[SourceVersionDate "1999.10.01"]
[SourceQuality "1"]

{[%mdl 256]} 1. e4 c5 2. Nf3 Nc6 3. Nc3 d6 4. d4 cxd4 5. Nxd4 Nf6 6. Bg5 e6 7.
Qd2 a6 8. O-O-O h6 9. Be3 Be7 10. f3 Nxd4 11. Qxd4 b5 12. Kb1 Bb7 (12... Rb8
13. Qa7 (13. g4 b4 14. Ne2 e5 15. Qd3 Be6 16. h4 Qa5 17. c4 bxc3 18. Nxc3 O-O
19. g5 Rfc8 20. Bd2 Qa3 $17 {0-1 Kiss,G-Jovanovic,S/Budapest FS09 IM 1996 (26)}
) 13... Nd7 14. Bd3 Qa5 15. Ne2 O-O 16. Nd4 Rb7 17. Nc6 Rxa7 18. Nxa5 Rc7 $11)
(12... Qa5 13. e5 (13. g4 b4 14. Ne2 e5 15. Qb6 Qxb6 16. Bxb6 Be6 17. Ng3 g6
18. Bd3 Nd7 19. Bf2 Nc5 20. h4 Kf8 21. h5 Bg5 (21... Nxd3 22. Rxd3 a5 $11) 22.
Be2 $14 (22. Nf1 $11 {1/2-1/2 Narings,N-Werle,J/Dutch Open, Dieren NED 1997 
(57)})) (13. a3 Bb7 14. h4 Rc8 15. Be2 h5 16. e5 dxe5 17. Qxe5 O-O 18. Rd3 Bc6
19. Rhd1 Qc7 20. Qxc7 {1/2-1/2 Dutreeuw,M-David,A/Antwerp BEL 1999 (20)}) 13...
dxe5 14. Qxe5 Bb7 15. Bd3 O-O $11 (15... Rc8 16. Bd4 O-O 17. Be4 Bxe4 18. Nxe4
Rfd8 19. Qg3 Ne8 $11 {0-1 Yudasin,L-Greenfeld,A/Rishon le Zion 1996 (31)})) 13.
h4 Rc8 (13... d5 14. exd5 Nxd5 15. Nxd5 Qxd5 16. c4 bxc4 17. Bxc4 Qxd4 18. Bxd4
O-O $11 {1/2-1/2 Gipslis,A-Lerner Konstantin Z/Yurmala (Latvia) 1983 (50)}) (
13... Qa5 14. Qd2 Rc8 15. Bd3 Nd7 16. Qe1 Ne5 17. h5 Qc7 18. Rc1 Bf6 19. Qg3 b4
(19... Nc4 20. Bxc4 Qxc4 21. Qxd6 Bxc3 22. bxc3 Rd8 (22... Qxc3 23. Bd4 Qc6 24.
Qxc6+ Rxc6 25. Bxg7 Rg8 26. Bxh6 Rxg2 27. Bf4 $16) 23. Qc5 Rc8 24. Qxc4 Rxc4
25. Rcd1 Ke7 26. Rd3 e5 27. Rhd1 Bc6 28. Bb6 Rc8 29. Kb2 $14) 20. Nd1 Qa5 {
1/2-1/2 Lanka,Z-Varga,P/Cannes 1995 (20)}) 14. Be2 d5 (14... Qa5 15. Bd3 (15.
Qa7 Qc7 16. Bd3 Nd7 17. g3 (17. Ne2 Nc5 $19 {[%csl Ra7]}) 17... Bf6 18. Bf4
Bxc3 19. bxc3 e5 20. Bd2 Nc5 $19 {[%csl Ra7]}) 15... b4 16. Qa7 Qc7 17. Na4
$132) 15. exd5 Nxd5 (15... Bxd5 16. Nxd5 Nxd5 17. Bd3 (17. Qxg7 Bf6 18. Qg3
Rxc2 19. Kxc2 Nxe3+ 20. Kb1 Nxd1 21. Rxd1 Qb6 $11) 17... Bf6 18. Qe4 Qc7 19.
Bf2 Nf4 (19... Nc3+ 20. bxc3 Qxc3 21. Kc1 Qb2+ 22. Kd2 Qxa2 23. Ke2 $16) 20.
Bg3 Be5 $11) 16. Nxd5 (16. Qxg7 Bf6 $19) 16... Bxd5 17. Qxg7 Bf6 18. Qg4 Bxa2+
$1 $11 19. Kxa2 Qa5+ 20. Kb1 Bxb2 {Lasker's combination.} 21. Kxb2 Qc3+ 22. Ka2
Qxc2+ 23. Ka1 Qc3+ 24. Ka2 Qc2+ 1/2-1/2

[Event "Siemens Giants"]
[Site "Frankfurt"]
[Date "1999.06.29"]
[Round "3"]
[White "Kramnik, Vladimir"]
[Black "Karpov, Anatoly"]
[Result "1-0"]
[WhiteElo "2751"]
[BlackElo "2710"]
[Annotator "Huzman,A"]
[PlyCount "63"]
[EventDate "1999.06.29"]
[EventType "tourn (rapid)"]
[EventRounds "12"]
[EventCountry "GER"]
[EventCategory "21"]
[SourceTitle "CBM 072"]
[Source "ChessBase"]
[SourceDate "1999.10.01"]
[SourceVersion "1"]
[SourceVersionDate "1999.10.01"]
[SourceQuality "1"]

1. d4 d5 2. c4 dxc4 3. Nf3 Nf6 4. e3 e6 5. Bxc4 c5 6. O-O a6 7. Bb3 Nc6 8. Nc3
cxd4 9. exd4 Be7 10. Re1 Na5 11. Bc2 b5 12. d5 $1 (12. a4 b4 13. Ne4 Bb7 14.
Nc5 Bxc5 15. dxc5 Qxd1 16. Bxd1 $1 Rc8 17. Bd2 Nd5 18. Rc1 O-O 19. Ng5 $5 {
/\ Ne4-d6} Bc6 $1 20. Ne4 Nb7 $11 {0-1 Filippov,V-Estrada Nieto,J/Linares 1998/
Inf 71/[Estrada Nieto,J] (56)}) 12... b4 (12... Nxd5 13. Nxd5 Qxd5 14. Bd2 (14.
Qxd5 exd5 15. Nd4 Kf8 (15... Bd7 16. Bg5 f6 17. Bd2 Nc6 18. Nxc6 Bxc6 19. Rac1
$44) 16. b3 $44) (14. Be4 Qxd1 15. Rxd1 Bb7 $17) 14... Nc6 (14... Nb7 15. Be4
Qd6 16. a4 $44) 15. Be4 Qd6 16. Bc3 Bb7 17. Bxg7 Rg8 18. Qxd6 Bxd6 19. Bf6 $16
h6 20. Rad1 Be7 21. Bxe7 Kxe7 22. Nh4 $1 $16 {[%cal Gh4f5,Ge1e7]}) 13. Ba4+ Kf8
14. Bf4 $1 bxc3 (14... Nxd5 15. Nxd5 Qxd5 (15... exd5 16. Rc1 $18) 16. Qxd5
exd5 17. Rac1 $44) (14... exd5 15. Ne2 $44 {[%csl Rf8]}) (14... Nh5 $5) 15. d6
Nd5 (15... cxb2 16. dxe7+ Kxe7 17. Qc2 $1 Bd7 (17... bxa1=Q 18. Qc5+ Qd6 19.
Qxd6#) 18. Qxb2 (18. Rad1 $5 Qb6 19. Bd6+ Ke8 20. Bc7 Qb4 21. Bxd7+ Nxd7 22.
Rxd7 Kxd7 23. Bxa5 Qb7 (23... Qxa5 24. Ne5+ $18) 24. Bc3 $16) 18... Bxa4 19.
Qb4+ Ke8 20. Qxa4+ Kf8 21. Rab1 $44 {/+/-}) 16. dxe7+ Qxe7 17. Be5 $1 (17. Qxd5
exd5 18. Bd6 Be6 19. Bxe7+ Kxe7 20. bxc3 Rhc8 $15) 17... Bb7 (17... cxb2 18.
Bxb2 Nc4 (18... Bb7 19. Qd4 f6 20. Rac1 $44) 19. Bxg7+ Kxg7 20. Qxd5 (20. Qd4+
Qf6 21. Qxc4 Bb7 $14) 20... exd5 21. Rxe7 $14) 18. bxc3 Rd8 (18... f6 $142) (
18... Rc8 $142) 19. Nd4 Nc4 $4 (19... Qg5 20. Qf3 Kg8 21. Rab1 $36 {[%csl Rg8]}
) {[%tqu "En","Find a winning idea for White.","","","e5g7","",10]} 20. Bxg7+
$1 Kxg7 21. Nf5+ exf5 22. Rxe7 Nxe7 23. Qe2 $1 $18 Ng6 24. Qxc4 Rd2 25. Bb3 Bd5
26. Qxa6 Rd8 27. Bxd5 R8xd5 28. h3 Ne5 29. a4 f4 30. a5 f3 31. Qb7 fxg2 32. a6
1-0